Aadhunik kahani : Austria (Record no. 184543)

MARC details
000 -LEADER
fixed length control field 00563nam a22001937a 4500
020 ## - INTERNATIONAL STANDARD BOOK NUMBER
ISBN 978-93-5000-247-6
041 ## - LANGUAGE CODE
Language code of text/sound track or separate title eng
082 ## - DEWEY DECIMAL CLASSIFICATION NUMBER
Edition number 23rd ed.
Classification number H Aut 833
Item number AAD
245 ## - TITLE STATEMENT
Title Aadhunik kahani : Austria
Statement of responsibility, etc edited & translated by Amrit Mehta
260 ## - PUBLICATION, DISTRIBUTION, ETC. (IMPRINT)
Place of publication New Delhi
Name of publisher Vani Prakashan
Year of publication 2010
300 ## - PHYSICAL DESCRIPTION
Number of Pages 212p.;
Dimensions 23 cm.
650 ## - SUBJECT ADDED ENTRY--TOPICAL TERM
Topical Term German fiction
650 ## - SUBJECT ADDED ENTRY--TOPICAL TERM
Topical Term Short stories, German
650 ## - SUBJECT ADDED ENTRY--TOPICAL TERM
Topical Term German- Translations into Hindi
700 ## - ADDED ENTRY--PERSONAL NAME
Personal name Mehta, Amrit (ed. & tr.)
856 ## - ELECTRONIC LOCATION AND ACCESS
Uniform Resource Identifier www.vaniprakashan.in
942 ## - ADDED ENTRY ELEMENTS (KOHA)
Koha item type Books
Holdings
Withdrawn status Lost status Damaged status Collection code Home library Current library Shelving location Date acquired Full call number Accession Number Koha item type
      HINDI North Eastern Hill University North Eastern Hill University Hindi 11/03/2026 H Aut 833 AAD 229132 Books